Survival tactics : the top 11 behaviors of successful entrepreneurs (Record no. 444750)

000 -LEADER
fixed length control field 00377cam a22001337a 4500
008 - FIXED-LENGTH DATA ELEMENTS--GENERAL INFORMATION
fixed length control field 180718b2007 xxu||||| |||| 00| 0 eng d
020 ## - INTERNATIONAL STANDARD BOOK NUMBER
International Standard Book Number 9780275994709
082 ## - DEWEY DECIMAL CLASSIFICATION NUMBER
Classification number I2196 Su71
100 ## - MAIN ENTRY--PERSONAL NAME
Personal name Sun, Ted
245 ## - TITLE STATEMENT
Title Survival tactics : the top 11 behaviors of successful entrepreneurs
Statement of responsibility, etc. Ted Sun
260 ## - PUBLICATION, DISTRIBUTION, ETC.
Place of publication, distribution, etc. London
Name of publisher, distributor, etc. Praeger
Date of publication, distribution, etc. 2007
300 ## - PHYSICAL DESCRIPTION
Extent 198p.
650 ## - SUBJECT ADDED ENTRY--TOPICAL TERM
Topical term or geographic name entry element Entrepreneurship
Holdings
Withdrawn status Lost status Damaged status Not for loan Permanent Location Current Location Date acquired Full call number Barcode Date last seen Price effective from Koha item type
        Indian Institute of Public Administration Indian Institute of Public Administration 2015-08-04 I2196 Su71 86233 2018-07-21 2018-07-21 Book

Powered by Koha